000 00723nam a2200253 a 4500
001 BRCA_2541
005 20190320203845.0
008 261108s1949----nyua######---#000-0#eng-u
041 _aeng
044 _anyu
050 4 _aNK3780
_b.C69 1 1949
100 1 _aCox, Warren Earle
_97284
245 1 0 _aThe Book of Pottery and Porcelain
_cby Warren Earle Cox.
260 _aNew York
_bCrown
_c1949
300 _a2 v.
_bil.
_c21 cm.
500 _aIncluye índices de las marcas de cerámicas y porcelanas
500 _aVer también CEF118 (1945)
500 _aA25
650 1 4 _aMarcas de cerámica
_97225
650 1 4 _aCerámica
_xHistoria
_91463
650 1 4 _aPorcelana
_xHistoria
_91464
902 _aGFM
942 _2lcc
_cB
999 _c2282
_d2282